000
00314nam a2200121Ia 4500
008
150201s2013 xx 000 0 und d
082
_a
5.276
_b
BLA
100
_a
Black Book
245
_a
ASP.NET 4.5 in covers C♯ and VB cods
260
_b
Dreamtech Press
_a
New Delhi
_c
2013
300
_a
1261p.
942
_2
ddc
_c
BK
_0
1
999
_c
5612
_d
5612